000 00211nam a22000857a 4500
008 160706b xxu||||| |||| 00| 0 eng d
100 _92326
_a Prakash, V
245 _aWhy Fight?
260 _aNew Delhi
_bDreamland
_c2004
999 _c2004
_d2004